000 00462pab a2200181 454500
008 180718b2007 xxu||||| |||| 00| 0 eng d
100 _aChand, Piar et al.
245 _aImpact of globalization on higher education in India
260 _c2007
300 _ap.1-3.
362 _a12 Nov
650 _aGlobalization - India
650 _aHigher education - India
650 _aHigher education
773 _aUniversity News
908 _aN
909 _a76424
999 _c76424
_d76424